| 000 | 00342nam a2200121Ia 4500 | ||
|---|---|---|---|
| 008 | 230907s9999||||xx |||||||||||||| ||und|| | ||
| 082 |
_a658.15 _bBRE |
||
| 100 |
_aBrealey, Richard A. _983714 |
||
| 245 | 0 | _aPrinciples of corporate finance / | |
| 260 |
_aMcGraw-Hill Irwin, _bNew York : _c2011 |
||
| 300 | _a1 v. (various pages) : | ||
| 942 | _cBK | ||
| 999 |
_c601086 _d601086 |
||